00317nam a2200097Ia 4500008004000000082001300040100002900053245006900082260005000151300001800201210210b1958 xxu||||| |||| 00| 0 eng d a306 HERC aHERSKOVITS (Melville F). aCultural anthropology: an abridge revision of man and his works. aCalcutta.bOxford & IBH Publishing Co.,c1958 axvi,569,xxxiv